<?xml version="1.0" encoding="UTF-8"?>
<record
    xmlns:xsi="http://www.w3.org/2001/XMLSchema-instance"
    xsi:schemaLocation="http://www.loc.gov/MARC21/slim http://www.loc.gov/standards/marcxml/schema/MARC21slim.xsd"
    xmlns="http://www.loc.gov/MARC21/slim">

  <leader>01287nam a22002057a 4500</leader>
  <datafield tag="952" ind1=" " ind2=" ">
    <subfield code="0">0</subfield>
    <subfield code="1">0</subfield>
    <subfield code="2">ddc</subfield>
    <subfield code="4">0</subfield>
    <subfield code="7">0</subfield>
    <subfield code="8">NFIC</subfield>
    <subfield code="a">ASL</subfield>
    <subfield code="b">ASL</subfield>
    <subfield code="c">GEN</subfield>
    <subfield code="d">2020-10-31</subfield>
    <subfield code="e">Complementary</subfield>
    <subfield code="l">0</subfield>
    <subfield code="o">297.72 ASH</subfield>
    <subfield code="p">102095</subfield>
    <subfield code="r">2020-10-31 00:00:00</subfield>
    <subfield code="t">C-1</subfield>
    <subfield code="w">2020-10-31</subfield>
    <subfield code="y">BK</subfield>
  </datafield>
  <datafield tag="999" ind1=" " ind2=" ">
    <subfield code="c">18860</subfield>
    <subfield code="d">18860</subfield>
  </datafield>
  <controlfield tag="003">BDDh-ASL</controlfield>
  <controlfield tag="005">20231015025738.0</controlfield>
  <controlfield tag="008">201031s2009    b  ||||| |||| 00| 0 b   d</controlfield>
  <datafield tag="040" ind1=" " ind2=" ">
    <subfield code="a">BDDh-ASL</subfield>
    <subfield code="c">BDDh-ASL</subfield>
  </datafield>
  <datafield tag="041" ind1=" " ind2=" ">
    <subfield code="a">ben</subfield>
  </datafield>
  <datafield tag="082" ind1=" " ind2=" ">
    <subfield code="a">297.72</subfield>
    <subfield code="b">ASH</subfield>
  </datafield>
  <datafield tag="110" ind1="1" ind2=" ">
    <subfield code="9">1760</subfield>
    <subfield code="a">&#x995;&#x9BE;&#x9B2;&#x99A;&#x9BE;&#x9B0;&#x9BE;&#x9B2; &#x995;&#x9BE;&#x989;&#x9A8;&#x9CD;&#x9B8;&#x9C7;&#x9B2;&#x9B0;&#x9C7;&#x9B0; &#x9A6;&#x9AB;&#x9A4;&#x9B0;, </subfield>
    <subfield code="b">&#x987;&#x9B8;&#x9B2;&#x9BE;&#x9AE;&#x9C0; &#x9AA;&#x9CD;&#x9B0;&#x99C;&#x9BE;&#x9A4;&#x9A8;&#x9CD;&#x9A4;&#x9CD;&#x9B0; &#x987;&#x9B0;&#x9BE;&#x9A8; &#x9A6;&#x9C2;&#x9A4;&#x9BE;&#x9AC;&#x9BE;&#x9B8;,</subfield>
  </datafield>
  <datafield tag="245" ind1="1" ind2="0">
    <subfield code="a">&#x986;&#x9B6;&#x9C1;&#x9B0;&#x9BE; &#x9B8;&#x982;&#x995;&#x9B2;&#x9A8; :</subfield>
    <subfield code="b">&#x987;&#x9AE;&#x9BE;&#x9AE; &#x9B9;&#x9CB;&#x9B8;&#x9BE;&#x987;&#x9A8; (&#x986;.)-&#x98F;&#x9B0; &#x986;&#x9A8;&#x9CD;&#x9A6;&#x9CB;&#x9B2;&#x9A8;&#x9C7;&#x9B0; &#x9A6;&#x9B0;&#x9CD;&#x9B6;&#x9A8; &#x993; &#x9B6;&#x9BF;&#x995;&#x9CD;&#x9B7;&#x9BE; /</subfield>
    <subfield code="c">&#x995;&#x9BE;&#x9B2;&#x99A;&#x9BE;&#x9B0;&#x9BE;&#x9B2; &#x995;&#x9BE;&#x989;&#x9A8;&#x9CD;&#x9B8;&#x9C7;&#x9B2;&#x9B0;&#x9C7;&#x9B0; &#x9A6;&#x9AB;&#x9A4;&#x9B0;, &#x987;&#x9B8;&#x9B2;&#x9BE;&#x9AE;&#x9C0; &#x9AA;&#x9CD;&#x9B0;&#x99C;&#x9BE;&#x9A4;&#x9A8;&#x9CD;&#x9A4;&#x9CD;&#x9B0; &#x987;&#x9B0;&#x9BE;&#x9A8; &#x9A6;&#x9C2;&#x9A4;&#x9BE;&#x9AC;&#x9BE;&#x9B8;, &#x9A2;&#x9BE;&#x995;&#x9BE;&#x964; </subfield>
  </datafield>
  <datafield tag="246" ind1=" " ind2=" ">
    <subfield code="a">Ashura Compilation (Philosophy and Lessons of the Movement of Imam Hoasin (A.S.)</subfield>
  </datafield>
  <datafield tag="260" ind1=" " ind2=" ">
    <subfield code="a">&#x9A2;&#x9BE;&#x995;&#x9BE; :</subfield>
    <subfield code="b">&#x995;&#x9BE;&#x9B2;&#x99A;&#x9BE;&#x9B0;&#x9BE;&#x9B2; &#x995;&#x9BE;&#x989;&#x9A8;&#x9CD;&#x9B8;&#x9C7;&#x9B2;&#x9B0;&#x9C7;&#x9B0; &#x9A6;&#x9AB;&#x9A4;&#x9B0;, &#x987;&#x9B8;&#x9B2;&#x9BE;&#x9AE;&#x9C0; &#x9AA;&#x9CD;&#x9B0;&#x99C;&#x9BE;&#x9A4;&#x9A8;&#x9CD;&#x9A4;&#x9CD;&#x9B0; &#x987;&#x9B0;&#x9BE;&#x9A8; &#x9A6;&#x9C2;&#x9A4;&#x9BE;&#x9AC;&#x9BE;&#x9B8;, &#x9A2;&#x9BE;&#x995;&#x9BE;, </subfield>
    <subfield code="c">2009.</subfield>
  </datafield>
  <datafield tag="300" ind1=" " ind2=" ">
    <subfield code="a">&#x9E8;&#x9EB;&#x9EC; &#x9AA;&#x9C3;. :</subfield>
    <subfield code="c">&#x9E8;&#x9EA; &#x9B8;&#x9C7;. &#x9AE;&#x9BF;. </subfield>
  </datafield>
  <datafield tag="650" ind1=" " ind2="0">
    <subfield code="9">1758</subfield>
    <subfield code="a">&#x986;&#x9B6;&#x9C1;&#x9B0;&#x9BE;</subfield>
    <subfield code="x">&#x9AE;&#x9B9;&#x9B0;&#x9B0;&#x9AE;</subfield>
  </datafield>
  <datafield tag="650" ind1=" " ind2="0">
    <subfield code="9">1759</subfield>
    <subfield code="a">&#x987;&#x9AE;&#x9BE;&#x9AE; &#x9B9;&#x9CB;&#x9B8;&#x9C7;&#x987;&#x9A8; (&#x986;.)</subfield>
  </datafield>
  <datafield tag="942" ind1=" " ind2=" ">
    <subfield code="2">ddc</subfield>
    <subfield code="c">BK</subfield>
  </datafield>
</record>
